• 首页
  • 本馆介绍
  • 公告通知
  • 最新文献
  • 馆藏检索
  • 电子资源
  • 读者导购
  • 参考咨询
  • 我的图书馆
  • 登录
  • 详细信息显示
  • 放入我的书架
  • 预约/预借图书
  • 作者相关作品
  • 分类相关作品
  • 丛书相关作品
  • 出版社相关作品

书目信息

  • 表格格式
  • 工作单格式
  • 卡片格式
题名:
音韵学教程
    
 
作者: 简启贤 编著
分册:  
出版信息: 成都   巴蜀书社  2005
页数: 10,350页
开本: 20cm
丛书名:
单 册:
中图分类: H11
科图分类:
主题词: 汉语--音韵学--师范大学--教材 , 汉语 , 音韵学
电子资源:
ISBN: 7-80659-753-0
000 00766nam0 2200253 450
001 010040029864
005 20061109101821.45
010    @a7-80659-753-0@dCNY22.00
100    @a20060123d2005 em y0chiy0110 ea
101 0  @achi
102    @aCN@b510000
105    @ak z 000yy
200 1  @a音韵学教程@9yin yun xue jiao cheng@f简启贤编著
210    @a成都@c巴蜀书社@d2005
215    @a10,350页@d20cm
300    @a本教材专为师范院校本科生编写 研究生适用
330    @a本书全面介绍了音韵学的学习对象、音韵学的学习方法、音韵学的术语、声调、上古音系等内容。
606 0  @a汉语@x音韵学@x师范大学@j教材
606 0  @a汉语
606 0  @a音韵学
690    @aH11@v4
701  0 @a简启贤@9jian qi xian@4编著
801  0 @aCN@bRENTIAN@c20061109
905    @a10447@dH11@e100
    
    音韵学教程/简启贤编著.-成都:巴蜀书社,2005
    10,350页;20cm
    本教材专为师范院校本科生编写 研究生适用
    
    ISBN 7-80659-753-0:CNY22.00
    本书全面介绍了音韵学的学习对象、音韵学的学习方法、音韵学的术语、声调、上古音系等内容。
●
相关链接 在E读中查询图书 在五车中查询图书 在当当中查询图书 在豆瓣中查询图书


正题名:音韵学教程     索取号:H11/100         预约/预借

序号 登录号 条形码 馆藏地/架位号 状态 备注
1 0385398   203853981   第二样本阅览室/ [索取号:H11/100] 在馆    
2 0385399   203853990   第四借阅区/ [索取号:H11/100] 在馆    
3 0385400   203854007   第四借阅区/ [索取号:H11/100] 在馆    
4 0385401   203854016   第四借阅区/ [索取号:H11/100] 在馆    
5 0385402   203854025   第四借阅区/ [索取号:H11/100] 在馆    
唐山师范学院图书馆 欢迎您!
大连网信软件有限公司© 版权所有